000 01429nam a2200373 i 4500
001 193392
003 SpMaBN
005 20250904233811.0
007 ta
008 231114s2010 sp a | ||||o000 0 spa
017 _aZ 1620-2010
_bOficina Depósito Legal Zaragoza
035 _a(OCoLC)868824008
035 _aa4844465
040 _aSpMaBN
_bspa
_cSpMaBN
_erdc
_dES-MaACL
080 _a929 Sola, Ángel
080 _a787 Sola, Ángel
100 1 _aCobos Sancho, Fernando
_0XX5010694
_9234558
245 1 0 _aÁngel Sola :
_bel gran bandurrista de la jota, 1859-1910 /
_cFernando Cobos Sancho.
260 _a[Zaragoza] :
_bDiputación de Zaragoza,
_cimp. 2010
300 _a139 p. :
_bil. col. y n., mús. ;
_c24 cm
336 _2rdacontent
_aTexto
337 _2rdamedia
_asin mediación
338 _2rdacarrier
_avolumen
500 _aCatalogación provisional. Signatura: N 8633. Depósito J.
504 _aBibliografía: p. 127-130
600 0 _aSola, Ángel,
_d1859-1910
_9234559
852 _aES-MaACL
_9200842
_jN-8633
_cDEPOJ
_hDonación: Fernando Cobos Sancho
_gDedicatoria autógrafa del autor
_zEn proceso
903 _9234558
_aCobos Sancho, Fernando
_ednr
942 _n0
_cMONOGRAFIA
999 _c193392
_d193392